[Event "NB I. Maroczy csoport"]
[Site "Berente"]
[Date "2024.02.18"]
[Round "6.1"]
[White "Hajnal, Zoltan"]
[Black "Manik, Mikulas"]
[Result "1/2-1/2"]
[WhiteElo "2337"]
[BlackElo "2321"]
[PlyCount "28"]
[EventDate "2023.10.08"]
[EventType "team-tourn"]
[EventRounds "11"]
[EventCountry "HUN"]
[Source "chess.hu"]
[WhiteTeam "DVTK I."]
[BlackTeam "Pitypalatty Sakk SE"]
[WhiteTeamCountry "HUN"]
[BlackTeamCountry "HUN"]

1. e4 c5 2. Nf3 d6 3. d4 cxd4 4. Nxd4 Nf6 5. Nc3 a6 6. Be3 e5 7. Nb3 Be6 8. Qd2
Nbd7 9. f3 h5 10. Nd5 Bxd5 11. exd5 g6 12. Be2 Bg7 13. Na5 Qc7 14. c4 e4
1/2-1/2

[Event "NB I. Maroczy csoport"]
[Site "Berente"]
[Date "2024.02.18"]
[Round "6.2"]
[White "Leszko, Bence"]
[Black "Fule, Simon"]
[Result "1/2-1/2"]
[WhiteElo "2267"]
[BlackElo "2262"]
[PlyCount "118"]
[EventDate "2023.10.08"]
[EventType "team-tourn"]
[EventRounds "11"]
[EventCountry "HUN"]
[Source "chess.hu"]
[WhiteTeam "Pitypalatty Sakk SE"]
[BlackTeam "DVTK I."]
[WhiteTeamCountry "HUN"]
[BlackTeamCountry "HUN"]

1. Nf3 Nf6 2. g3 g6 3. Bg2 Bg7 4. O-O O-O 5. d4 d6 6. a4 c6 7. Nc3 Qc7 8. e4 e5
9. h3 Na6 10. Re1 Re8 11. Be3 h6 12. Qd2 Kh7 13. Kh2 Be6 14. d5 cxd5 15. exd5
Bd7 16. Qe2 Nb4 17. Red1 a5 18. Ne1 Rac8 19. Nb5 Bxb5 20. Qxb5 Nd7 21. Bd2 e4
22. Bxb4 axb4 23. Qxb4 Qb6 24. Qxb6 Nxb6 25. c3 Ra8 26. Bf1 Rxa4 27. Bb5 Rxa1
28. Rxa1 Rc8 29. Ra7 Rb8 30. Nc2 Nxd5 31. Bc4 Nc7 32. Ne3 f5 33. Kg2 Be5 34. f4
exf3+ 35. Kxf3 Kg7 36. Nd5 Ne6 37. Nb6 Nd8 38. Bd5 h5 39. Nc4 Kh6 40. Na5 b6
41. Nc4 b5 42. Nxe5 dxe5 43. Re7 e4+ 44. Kf4 Rb6 45. h4 e3 46. Rxe3 Rd6 47. Ke5
Rd7 48. Kd4 g5 49. hxg5+ Kxg5 50. Kc5 h4 51. gxh4+ Kxh4 52. Re8 Kg3 53. Rg8+
Kf4 54. Rf8 Nb7+ 55. Bxb7 Rxb7 56. Kc6 Re7 57. Kxb5 Rb7+ 58. Kc6 Rxb2 59. c4
Ke5 1/2-1/2

[Event "NB I. Maroczy csoport"]
[Site "Berente"]
[Date "2024.02.18"]
[Round "6.3"]
[White "Turcsanyi, Vince Gergo"]
[Black "Papp, Tamas"]
[Result "0-1"]
[WhiteElo "2267"]
[BlackElo "2316"]
[PlyCount "90"]
[EventDate "2023.10.08"]
[EventType "team-tourn"]
[EventRounds "11"]
[EventCountry "HUN"]
[Source "chess.hu"]
[WhiteTeam "DVTK I."]
[BlackTeam "Pitypalatty Sakk SE"]
[WhiteTeamCountry "HUN"]
[BlackTeamCountry "HUN"]

1. c4 Nf6 2. Nf3 b6 3. Nc3 Bb7 4. d4 e6 5. a3 d5 6. Bf4 Nh5 7. Bg5 Be7 8. Bxe7
Qxe7 9. cxd5 exd5 10. e3 O-O 11. Be2 Nf6 12. O-O Nbd7 13. Rc1 Ne4 14. Qb3 Ndf6
15. Rc2 c5 16. dxc5 bxc5 17. Nxe4 Nxe4 18. Rd1 Rfd8 19. Nd2 d4 20. Nxe4 Bxe4
21. Rcd2 Qg5 22. Bf1 Rdb8 23. Qc4 dxe3 24. fxe3 Qxe3+ 25. Kh1 Bg6 26. Rd5 h6
27. Rxc5 Rxb2 28. Rc8+ Rxc8 29. Qxc8+ Kh7 30. Rd8 Bb1 31. Rh8+ Kg6 32. Qg4+ Qg5
33. Qd4 Rd2 34. Qxa7 Rd1 35. Qa6+ Qf6 36. Qxf6+ Kxf6 37. Kg1 Bd3 38. Kf2 Bxf1
39. Rb8 Bc4 40. Rb6+ Ke5 41. a4 Rd2+ 42. Kg3 Bd5 43. a5 Rxg2+ 44. Kh3 Ra2 45.
a6 Bc4 0-1

[Event "NB I. Maroczy csoport"]
[Site "Berente"]
[Date "2024.02.18"]
[Round "6.4"]
[White "Daroczi, Donat"]
[Black "Fusthy, Zsolt"]
[Result "1/2-1/2"]
[WhiteElo "2175"]
[BlackElo "2215"]
[PlyCount "28"]
[EventDate "2023.10.08"]
[EventType "team-tourn"]
[EventRounds "11"]
[EventCountry "HUN"]
[Source "chess.hu"]
[WhiteTeam "Pitypalatty Sakk SE"]
[BlackTeam "DVTK I."]
[WhiteTeamCountry "HUN"]
[BlackTeamCountry "HUN"]

1. e4 c5 2. Nf3 Nc6 3. d4 cxd4 4. Nxd4 Nf6 5. Nc3 d6 6. Bg5 e6 7. Qd2 Be7 8.
O-O-O O-O 9. f4 Nxd4 10. Qxd4 Qa5 11. Bc4 Bd7 12. e5 dxe5 13. fxe5 Bc6 14. h4
Bc5 1/2-1/2

[Event "NB I. Maroczy csoport"]
[Site "Berente"]
[Date "2024.02.18"]
[Round "6.5"]
[White "Gathi, Donat"]
[Black "Zambor, Norbert"]
[Result "0-1"]
[WhiteElo "2221"]
[BlackElo "2224"]
[PlyCount "80"]
[EventDate "2023.10.08"]
[EventType "team-tourn"]
[EventRounds "11"]
[EventCountry "HUN"]
[Source "chess.hu"]
[WhiteTeam "DVTK I."]
[BlackTeam "Pitypalatty Sakk SE"]
[WhiteTeamCountry "HUN"]
[BlackTeamCountry "HUN"]

1. e4 c5 2. Nf3 Nc6 3. Bb5 e6 4. Bxc6 bxc6 5. d3 Ne7 6. Qe2 Qc7 7. O-O f6 8. h4
d6 9. Nh2 g6 10. f4 Bg7 11. g4 f5 12. Nd2 O-O 13. gxf5 exf5 14. e5 dxe5 15. Nc4
e4 16. Be3 exd3 17. cxd3 Qd8 18. Bxc5 Bd4+ 19. Bxd4 Qxd4+ 20. Kh1 Nd5 21. Qd2
Ba6 22. Ne5 c5 23. Rac1 Rac8 24. Nhf3 Qxf4 25. Qa5 Bb7 26. Qb5 Ba8 27. Qc4 Rfe8
28. Qxf4 Nxf4 29. Rce1 Kg7 30. Kh2 Rcd8 31. Ng5 Ne6 32. Ngf3 Nf4 33. Ng5 Ne6
34. Ngf3 h6 35. Rg1 Nf4 36. Kg3 Ne6 37. Kf2 Nf4 38. Re3 Nh3+ 39. Kg2 Nxg1 40.
Kxg1 Bxf3 0-1

[Event "NB I. Maroczy csoport"]
[Site "Berente"]
[Date "2024.02.18"]
[Round "6.7"]
[White "Horvath, Kristof"]
[Black "Eberth, Zoltan Bela"]
[Result "1-0"]
[WhiteElo "2111"]
[BlackElo "1973"]
[PlyCount "67"]
[EventDate "2023.10.08"]
[EventType "team-tourn"]
[EventRounds "11"]
[EventCountry "HUN"]
[Source "chess.hu"]
[WhiteTeam "DVTK I."]
[BlackTeam "Pitypalatty Sakk SE"]
[WhiteTeamCountry "HUN"]
[BlackTeamCountry "HUN"]

1. e4 e6 2. d4 d5 3. Nd2 Nc6 4. Ngf3 Nf6 5. e5 Nd7 6. Bb5 a6 7. Bxc6 bxc6 8.
Nb3 c5 9. Bg5 Be7 10. Na5 Nb8 11. Bxe7 Qxe7 12. dxc5 Qxc5 13. Qd2 Nc6 14. Nxc6
Qxc6 15. O-O Qb6 16. c4 O-O 17. Rac1 Rb8 18. b3 dxc4 19. Rxc4 Bb7 20. Rfc1 Rbd8
21. Qc3 f6 22. Rxc7 Be4 23. Qc4 Bd5 24. Qg4 Rf7 25. Rxf7 Kxf7 26. exf6 gxf6 27.
Qf4 Qb7 28. Rc7+ Ke8 29. Qg3 e5 30. Qg7 Qb4 31. Qxf6 Bg8 32. Qxe5+ Kf8 33. Qg7+
Ke8 34. Qxg8+ 1-0

[Event "NB I. Maroczy csoport"]
[Site "Berente"]
[Date "2024.02.18"]
[Round "6.8"]
[White "Paal, Andras"]
[Black "Dobai, Szabolcs"]
[Result "0-1"]
[WhiteElo "1994"]
[BlackElo "2101"]
[PlyCount "112"]
[EventDate "2023.10.08"]
[EventType "team-tourn"]
[EventRounds "11"]
[EventCountry "HUN"]
[Source "chess.hu"]
[WhiteTeam "Pitypalatty Sakk SE"]
[BlackTeam "DVTK I."]
[WhiteTeamCountry "HUN"]
[BlackTeamCountry "HUN"]

1. e4 c5 2. Nf3 e6 3. d4 cxd4 4. Nxd4 Qb6 5. Nb3 Qc7 6. Be3 a6 7. a4 Nf6 8. Bd3
b6 9. O-O Bb7 10. Nc3 d6 11. a5 b5 12. Bb6 Qd7 13. Qe2 Nc6 14. Rfd1 Be7 15. e5
Nxe5 16. Nc5 Qc6 17. Nxb7 Qxb7 18. Bxb5+ axb5 19. Nxb5 Nd5 20. Rxd5 exd5 21. f4
O-O 22. fxe5 dxe5 23. Qxe5 Qd7 24. Nc7 Bf6 25. Qxd5 Qxd5 26. Nxd5 Bxb2 27. Ra2
Be5 28. c4 f6 29. Rd2 Kf7 30. c5 Rfc8 31. Rd3 Ke6 32. Nb4 Bc7 33. a6 Rab8 34.
Nd5 Be5 35. a7 Ra8 36. Nb4 f5 37. h3 g5 38. Re3 f4 39. Re1 Kf5 40. Rd1 Ke4 41.
Nc2 h5 42. Rd7 g4 43. Re7 gxh3 44. gxh3 Re8 45. Rxe8 Rxe8 46. Nb4 Bd4+ 47. Kf1
Rg8 48. Nc2 Be5 49. Nb4 Bd4 50. Nc6 Rg1+ 51. Ke2 f3+ 52. Kd2 Rg2+ 53. Ke1 f2+
54. Ke2 Rg1 55. Nxd4 f1=Q+ 56. Kd2 Qd3# 0-1

[Event "NB I. Maroczy csoport"]
[Site "Berente"]
[Date "2024.02.18"]
[Round "6.9"]
[White "Papp, Abel"]
[Black "Heidrich, Mate"]
[Result "1-0"]
[WhiteElo "2177"]
[BlackElo "2035"]
[PlyCount "45"]
[EventDate "2023.10.08"]
[EventType "team-tourn"]
[EventRounds "11"]
[EventCountry "HUN"]
[Source "chess.hu"]
[WhiteTeam "DVTK I."]
[BlackTeam "Pitypalatty Sakk SE"]
[WhiteTeamCountry "HUN"]
[BlackTeamCountry "HUN"]

1. e4 c5 2. Nf3 d6 3. Bb5+ Nc6 4. Bxc6+ bxc6 5. O-O Nf6 6. Re1 e6 7. d3 d5 8.
e5 Nd7 9. c4 Be7 10. Nc3 Bb7 11. Rb1 g5 12. Qe2 g4 13. Nd2 h5 14. Nf1 Qc7 15.
Bf4 O-O-O 16. a3 a5 17. Rec1 Rdg8 18. Na4 Bg5 19. Qe3 d4 20. Qd2 Bxf4 21. Qxf4
Nxe5 22. Nb6+ Kb8 23. Qxe5 1-0

[Event "NB I. Maroczy csoport"]
[Site "Berente"]
[Date "2024.02.18"]
[Round "6.10"]
[White "Farkas, Csaba"]
[Black "Kovacs, Tamas"]
[Result "1/2-1/2"]
[WhiteElo "1947"]
[BlackElo "2065"]
[PlyCount "69"]
[EventDate "2023.10.08"]
[EventType "team-tourn"]
[EventRounds "11"]
[EventCountry "HUN"]
[Source "chess.hu"]
[WhiteTeam "Pitypalatty Sakk SE"]
[BlackTeam "DVTK I."]
[WhiteTeamCountry "HUN"]
[BlackTeamCountry "HUN"]

1. d4 Nf6 2. c4 e6 3. Nf3 b6 4. e3 Bb7 5. Bd3 Be7 6. Nc3 d5 7. cxd5 exd5 8. Ne5
O-O 9. O-O Nbd7 10. f4 Re8 11. g4 Nf8 12. Bb5 N6d7 13. Qa4 Nxe5 14. fxe5 Ne6
15. Bxe8 Qxe8 16. Qxe8+ Rxe8 17. Bd2 Bg5 18. Rad1 c5 19. Rf3 f6 20. Nb5 Ba6 21.
exf6 Bxf6 22. Nc3 cxd4 23. exd4 Nxd4 24. Rh3 Ne2+ 25. Kh1 d4 26. Nxe2 Rxe2 27.
g5 Be7 28. Re1 Bb7+ 29. Kg1 Rg2+ 30. Kf1 Bc5 31. Re8+ Kf7 32. Rb8 Bd5 33. Rd8
Bc6 34. Rc8 Bd5 35. Rd8 1/2-1/2

[Event "NB I. Maroczy csoport"]
[Site "Berente"]
[Date "2024.02.18"]
[Round "6.11"]
[White "Farkas, Istvan"]
[Black "Hatala, Csaba Laszlo"]
[Result "1-0"]
[WhiteElo "2011"]
[BlackElo "1932"]
[PlyCount "33"]
[EventDate "2023.10.08"]
[EventType "team-tourn"]
[EventRounds "11"]
[EventCountry "HUN"]
[Source "chess.hu"]
[WhiteTeam "DVTK I."]
[BlackTeam "Pitypalatty Sakk SE"]
[WhiteTeamCountry "HUN"]
[BlackTeamCountry "HUN"]

1. e4 c5 2. Nf3 Nc6 3. Bb5 g6 4. O-O Bg7 5. Re1 Nd4 6. Bf1 d5 7. Nxd4 Bxd4 8.
e5 f6 9. Bb5+ Kf8 10. exf6 Nxf6 11. c3 Bxf2+ 12. Kxf2 c4 13. d4 e5 14. Kg1 Bg4
15. Qd2 h5 16. dxe5 Qb6+ 17. Qf2 1-0

[Event "NB I. Maroczy csoport"]
[Site "Berente"]
[Date "2024.02.18"]
[Round "6.12"]
[White "Kacsandi, Lili Fruzsina"]
[Black "Balogh, Borbala"]
[Result "1-0"]
[WhiteElo "1789"]
[BlackElo "1513"]
[PlyCount "57"]
[EventDate "2023.10.08"]
[EventType "team-tourn"]
[EventRounds "11"]
[EventCountry "HUN"]
[Source "chess.hu"]
[WhiteTeam "Pitypalatty Sakk SE"]
[BlackTeam "DVTK I."]
[WhiteTeamCountry "HUN"]
[BlackTeamCountry "HUN"]

1. e4 c5 2. Nc3 e6 3. g3 Nc6 4. Bg2 g6 5. d3 Bg7 6. Be3 d6 7. Qd2 Nge7 8. Bh6
O-O 9. h4 Re8 10. h5 Bh8 11. hxg6 fxg6 12. Nf3 Ne5 13. Nxe5 Bxe5 14. f4 Bf6 15.
Bf3 Qb6 16. Rb1 Qb4 17. a3 Bxc3 18. Qxc3 Qxc3+ 19. bxc3 Rb8 20. Kd2 b6 21. Rh2
Bb7 22. c4 Nf5 23. exf5 Bxf3 24. f6 Rbd8 25. Rf1 Bc6 26. g4 Bd7 27. Bg5 Rc8 28.
Rfh1 Bc6 29. f7+ 1-0

[Event "NB I. Maroczy csoport"]
[Site "Budapest"]
[Date "2024.02.18"]
[Round "6.1"]
[White "Ardelean, George-Catalin"]
[Black "Furedi, Erik"]
[Result "1-0"]
[WhiteElo "2432"]
[BlackElo "2267"]
[PlyCount "109"]
[EventDate "2023.10.08"]
[EventType "team-tourn"]
[EventRounds "11"]
[EventCountry "HUN"]
[Source "chess.hu"]
[WhiteTeam "NYVSC "]
[BlackTeam "Vasas SC"]
[WhiteTeamCountry "HUN"]
[BlackTeamCountry "HUN"]

1. Nf3 f5 2. d3 d6 3. e4 e5 4. Nc3 Be7 5. d4 fxe4 6. Nxe4 d5 7. Neg5 e4 8. Ne5
Bxg5 9. Qh5+ g6 10. Qxg5 Qxg5 11. Bxg5 Ne7 12. h4 Bf5 13. c3 Nec6 14. Bf4 Ne7
15. h5 gxh5 16. Be2 Bg6 17. Bxh5 O-O 18. g3 Nbc6 19. Nxg6 Nxg6 20. Bxg6 hxg6
21. Ke2 Rf7 22. Rh6 Rg7 23. Rah1 Kf7 24. Bxc7 b5 25. g4 b4 26. Rh8 Rxh8 27.
Rxh8 bxc3 28. bxc3 Ke6 29. Bf4 Rf7 30. Bc1 Rf3 31. Be3 Rf7 32. Rg8 Kf6 33. Rc8
Na5 34. Rc5 Nc4 35. Rxd5 Rc7 36. Bf4 Rb7 37. Rc5 Rb2+ 38. Kf1 Nd2+ 39. Bxd2
Rxd2 40. a4 Rc2 41. g5+ Ke6 42. Kg2 Ra2 43. Re5+ Kf7 44. Rxe4 Rxa4 45. Rf4+ Kg7
46. Rf6 Ra5 47. f4 Ra2+ 48. Kf3 Rc2 49. Rc6 a5 50. Rc7+ Kf8 51. Ke4 a4 52. Ke5
a3 53. Kf6 Re2 54. Ra7 a2 55. Ra8+ 1-0

[Event "NB I. Maroczy csoport"]
[Site "Budapest"]
[Date "2024.02.18"]
[Round "6.2"]
[White "Torok, Sandor"]
[Black "Varga, Peter"]
[Result "1/2-1/2"]
[WhiteElo "2210"]
[BlackElo "2363"]
[PlyCount "88"]
[EventDate "2023.10.08"]
[EventType "team-tourn"]
[EventRounds "11"]
[EventCountry "HUN"]
[Source "chess.hu"]
[WhiteTeam "Vasas SC"]
[BlackTeam "NYVSC "]
[WhiteTeamCountry "HUN"]
[BlackTeamCountry "HUN"]

1. e4 c6 2. d4 d5 3. f3 e6 4. Nc3 Bb4 5. Bf4 Ne7 6. Nge2 Ng6 7. Bg3 dxe4 8.
fxe4 e5 9. dxe5 Qxd1+ 10. Rxd1 Nd7 11. e6 fxe6 12. Nf4 Nxf4 13. Bxf4 e5 14. Bg3
Ke7 15. Bc4 Rf8 16. h3 h6 17. Ke2 Bc5 18. Rhf1 Bd4 19. Nb1 b5 20. Rxf8 Nxf8 21.
Bb3 Ng6 22. c3 Bc5 23. Rf1 Be6 24. Bxe6 Kxe6 25. h4 Rf8 26. Rxf8 Nxf8 27. Nd2
Nd7 28. Nf3 a5 29. b3 Bd6 30. Bf2 Bc7 31. Kd3 Bb6 32. Bxb6 Nxb6 33. Nd2 Nd7 34.
Ke3 Nf6 35. g3 Ng4+ 36. Kf3 h5 37. Nf1 Kd6 38. Ne3 Nxe3 39. Kxe3 b4 40. Kd3
bxc3 41. Kxc3 Kc5 42. a3 Kb5 43. Kd3 Kc5 44. Kc3 Kb5 1/2-1/2

[Event "NB I. Maroczy csoport"]
[Site "Budapest"]
[Date "2024.02.18"]
[Round "6.3"]
[White "Okhotnik, Vladimir"]
[Black "Karacsony, Attila"]
[Result "0-1"]
[WhiteElo "2313"]
[BlackElo "2185"]
[PlyCount "154"]
[EventDate "2023.10.08"]
[EventType "team-tourn"]
[EventRounds "11"]
[EventCountry "HUN"]
[Source "chess.hu"]
[WhiteTeam "NYVSC "]
[BlackTeam "Vasas SC"]
[WhiteTeamCountry "HUN"]
[BlackTeamCountry "HUN"]

1. d4 f5 2. g3 g6 3. Bg2 Nf6 4. c3 Bg7 5. Qb3 d5 6. Nh3 c6 7. O-O Qb6 8. Qc2
O-O 9. Nf4 Re8 10. Nd2 e6 11. a4 a5 12. Nd3 Nbd7 13. Nf3 Ne4 14. Bf4 Qd8 15.
Nfe5 Nxe5 16. Bxe5 Nd6 17. f3 b6 18. Bxg7 Kxg7 19. Ne5 Qc7 20. e4 Bb7 21. Kh1
dxe4 22. fxe4 c5 23. exf5 Nxf5 24. Qf2 Rf8 25. Bxb7 Qxb7+ 26. Nf3 cxd4 27. cxd4
Rad8 28. Rad1 Nxd4 29. Rxd4 Rxf3 30. Qxf3 Qxf3+ 31. Rxf3 Rxd4 32. b3 e5 33. Rc3
Rd6 34. Kg2 h5 35. Kf3 Kf6 36. h3 Kf5 37. g4+ hxg4+ 38. hxg4+ Kg5 39. Re3 e4+
40. Rxe4 Rd3+ 41. Ke2 Rxb3 42. Kd2 Rb4 43. Re6 Rxg4 44. Rxb6 Rxa4 45. Ra6 Ra3
46. Ke2 Kf5 47. Kf2 g5 48. Rc6 Kg4 49. Rc4+ Kh5 50. Kg2 Rb3 51. Ra4 Rb5 52. Kf3
Re5 53. Rc4 Kg6 54. Kg4 Kf6 55. Kh5 Ke6 56. Kg6 Kd5 57. Ra4 Kc6 58. Kf6 Rc5 59.
Ke6 Kb5 60. Ra1 a4 61. Kd6 Rc2 62. Rg1 Rd2+ 63. Ke5 Kc4 64. Ke4 Re2+ 65. Kf3
Re5 66. Rc1+ Kb3 67. Rb1+ Kc2 68. Ra1 Ra5 69. Ra3 Kb2 70. Re3 a3 71. Re2+ Kc3
72. Re3+ Kd2 73. Re2+ Kd1 74. Ra2 Kc1 75. Ke2 g4 76. Kd3 Kb1 77. Rg2 a2 0-1

[Event "NB I. Maroczy csoport"]
[Site "Budapest"]
[Date "2024.02.18"]
[Round "6.4"]
[White "Jacso, Adam Dr"]
[Black "Oros, Robert"]
[Result "1/2-1/2"]
[WhiteElo "2207"]
[BlackElo "2250"]
[PlyCount "49"]
[EventDate "2023.10.08"]
[EventType "team-tourn"]
[EventRounds "11"]
[EventCountry "HUN"]
[Source "chess.hu"]
[WhiteTeam "Vasas SC"]
[BlackTeam "NYVSC "]
[WhiteTeamCountry "HUN"]
[BlackTeamCountry "HUN"]

1. d4 Nf6 2. c4 d6 3. Nc3 Nbd7 4. e4 e5 5. Nf3 Be7 6. Be2 c6 7. O-O O-O 8. Rb1
a6 9. d5 cxd5 10. cxd5 b5 11. a3 Nb6 12. Ne1 Bb7 13. Nc2 Rc8 14. Ne3 g6 15. Bd2
Nfd7 16. g3 Bg5 17. h4 Bh6 18. Bg4 Rc7 19. Bh3 Nf6 20. Qe2 Bc8 21. Bg2 Ng4 22.
Ncd1 Nxe3 23. Nxe3 Bd7 24. Rbc1 Rxc1 25. Rxc1 1/2-1/2

[Event "NB I. Maroczy csoport"]
[Site "Budapest"]
[Date "2024.02.18"]
[Round "6.5"]
[White "Farkas, Adam"]
[Black "Boguszlavszkij, Jevgenyij"]
[Result "1/2-1/2"]
[WhiteElo "2145"]
[BlackElo "2081"]
[PlyCount "47"]
[EventDate "2023.10.08"]
[EventType "team-tourn"]
[EventRounds "11"]
[EventCountry "HUN"]
[Source "chess.hu"]
[WhiteTeam "NYVSC "]
[BlackTeam "Vasas SC"]
[WhiteTeamCountry "HUN"]
[BlackTeamCountry "HUN"]

1. d4 Nf6 2. Bg5 d5 3. Bxf6 exf6 4. e3 Bd6 5. Nd2 c6 6. g3 Be6 7. Bg2 Na6 8.
Ne2 O-O 9. O-O Re8 10. Nf4 Bf5 11. a3 Nc7 12. Rc1 Ne6 13. Nxe6 fxe6 14. e4 Bg6
15. c4 dxe4 16. Nxe4 Bf8 17. Nc3 Qb6 18. Na4 Qc7 19. Qb3 Rab8 20. Rfd1 Bf7 21.
Qc3 Rbd8 22. b4 b6 23. Qf3 Rc8 24. c5 1/2-1/2

[Event "NB I. Maroczy csoport"]
[Site "Budapest"]
[Date "2024.02.18"]
[Round "6.6"]
[White "Czegledi, Barna Jr"]
[Black "Hibjan, Tamas"]
[Result "0-1"]
[WhiteElo "2100"]
[BlackElo "2134"]
[PlyCount "124"]
[EventDate "2023.10.08"]
[EventType "team-tourn"]
[EventRounds "11"]
[EventCountry "HUN"]
[Source "chess.hu"]
[WhiteTeam "Vasas SC"]
[BlackTeam "NYVSC "]
[WhiteTeamCountry "HUN"]
[BlackTeamCountry "HUN"]

1. Nf3 d5 2. c4 c6 3. d4 Nf6 4. e3 Bf5 5. Nc3 e6 6. Nh4 Bg6 7. Qb3 Qb6 8. Nxg6
Qxb3 9. axb3 hxg6 10. c5 e5 11. b4 exd4 12. exd4 Be7 13. f3 Nh5 14. Kf2 f5 15.
Bd3 O-O 16. b5 Bf6 17. Ne2 Bd8 18. Bd2 Nd7 19. bxc6 bxc6 20. Ra6 Nb8 21. Ra3
Rf7 22. Rha1 Rb7 23. R1a2 Kf7 24. h3 Nf6 25. g4 fxg4 26. hxg4 Nfd7 27. Nf4 Nf8
28. Ba6 Rc7 29. Ke3 Bf6 30. Bf1 g5 31. Nh5 Be7 32. Ba5 Rb7 33. Bb6 axb6 34.
Rxa8 bxc5 35. R8a7 Rb3+ 36. Kf2 g6 37. Ng3 cxd4 38. Ne2 Kf6 39. Nc1 Rb6 40. Bd3
Nfd7 41. b3 Bd6 42. Bc2 c5 43. Ke2 Ne5 44. Nd3 Nxd3 45. Bxd3 Rxb3 46. R7a5 c4
47. Bxg6 Kxg6 48. Rxd5 d3+ 49. Ke3 Bf4+ 50. Ke4 d2 51. Raxd2 Bxd2 52. Rd6+ Kf7
53. Rxd2 Rb7 54. Rc2 Rc7 55. f4 gxf4 56. Kxf4 Nd7 57. Ke4 Ke6 58. Kd4 Ne5 59.
g5 Nf3+ 60. Kc3 Nxg5 61. Kb4 Kd5 62. Rd2+ Ke5 0-1

[Event "NB I. Maroczy csoport"]
[Site "Budapest"]
[Date "2024.02.18"]
[Round "6.7"]
[White "Egyed, Judit"]
[Black "Horvath, Julia"]
[Result "1-0"]
[WhiteElo "2069"]
[BlackElo "2126"]
[PlyCount "135"]
[EventDate "2023.10.08"]
[EventType "team-tourn"]
[EventRounds "11"]
[EventCountry "HUN"]
[Source "chess.hu"]
[WhiteTeam "NYVSC "]
[BlackTeam "Vasas SC"]
[WhiteTeamCountry "HUN"]
[BlackTeamCountry "HUN"]

1. e4 e5 2. Nf3 Nc6 3. Bb5 a6 4. Ba4 Nf6 5. d3 d6 6. h3 g6 7. O-O Bg7 8. c3 O-O
9. Re1 b5 10. Bc2 Bb7 11. Nbd2 Qd7 12. Nf1 d5 13. Ng3 dxe4 14. dxe4 Rad8 15.
Be3 Qxd1 16. Raxd1 h6 17. b4 Nd7 18. Bb3 Rfe8 19. Rd2 Nf8 20. Red1 Rxd2 21.
Rxd2 Rd8 22. Rxd8 Nxd8 23. Ne1 Nfe6 24. Nd3 Kf8 25. f3 Ke8 26. Kf2 Bc8 27. a4
Bd7 28. a5 Nb7 29. Bd5 c6 30. Ba2 Ned8 31. Nf1 Be6 32. Bxe6 Nxe6 33. Ba7 c5 34.
bxc5 Nxa5 35. Nb4 Kd7 36. Bb6 Nc6 37. Nxa6 Bf8 38. Ne3 Nf4 39. Nd5 Nd3+ 40. Ke2
Nb2 41. Nac7 Kc8 42. Nxb5 Kb7 43. Nb4 Na4 44. Nd5 Nxc5 45. Bc7 Ne6 46. Nd6+
Bxd6 47. Bxd6 Kc8 48. g3 Kd7 49. Ba3 h5 50. h4 Na5 51. Kd3 Kc6 52. Bb4 Nb7 53.
Kc4 Nd6+ 54. Bxd6 Kxd6 55. g4 Ng7 56. Kb5 f5 57. gxf5 gxf5 58. c4 fxe4 59. fxe4
Ne6 60. Nf6 Nf4 61. c5+ Kc7 62. Nd5+ Kb7 63. Nxf4 exf4 64. Kc4 Kc6 65. Kd4 f3
66. Ke3 Kxc5 67. Kxf3 Kd6 68. Kf4 1-0

[Event "NB I. Maroczy csoport"]
[Site "Budapest"]
[Date "2024.02.18"]
[Round "6.8"]
[White "Havasi, Janos"]
[Black "Egyed, Zsolt"]
[Result "0-1"]
[WhiteElo "1988"]
[BlackElo "2043"]
[PlyCount "80"]
[EventDate "2023.10.08"]
[EventType "team-tourn"]
[EventRounds "11"]
[EventCountry "HUN"]
[Source "chess.hu"]
[WhiteTeam "Vasas SC"]
[BlackTeam "NYVSC "]
[WhiteTeamCountry "HUN"]
[BlackTeamCountry "HUN"]

1. e4 c5 2. Nc3 Nc6 3. g3 g6 4. Bg2 Bg7 5. d3 d6 6. Be3 e5 7. Qd2 Nge7 8. h3
Bd7 9. Bh6 Bxh6 10. Qxh6 Nd4 11. Qd2 O-O 12. Nd1 Rb8 13. c3 Ndc6 14. Ne2 Kg7
15. O-O f5 16. f4 b5 17. Ne3 b4 18. Nd5 Nxd5 19. exd5 Ne7 20. fxe5 dxe5 21. c4
Qc7 22. Rae1 Rbe8 23. Kh1 h5 24. Qg5 Ng8 25. Ng1 Nf6 26. Nf3 Nh7 27. Qe3 f4 28.
gxf4 exf4 29. Qf2 g5 30. Ng1 Qd6 31. Be4 g4 32. Bxh7 Kxh7 33. Rxe8 Bxe8 34. Qh4
Qg6 35. hxg4 Qxg4 36. Nf3 Rg8 37. Qh2 Qf5 38. Nh4 Qxd3 39. Rc1 Qe4+ 40. Ng2 f3
0-1

[Event "NB I. Maroczy csoport"]
[Site "Budapest"]
[Date "2024.02.18"]
[Round "6.9"]
[White "Blahota, Marcell"]
[Black "Pesztericz, Laszlo"]
[Result "1-0"]
[WhiteElo "2038"]
[BlackElo "2053"]
[PlyCount "97"]
[EventDate "2023.10.08"]
[EventType "team-tourn"]
[EventRounds "11"]
[EventCountry "HUN"]
[Source "chess.hu"]
[WhiteTeam "NYVSC "]
[BlackTeam "Vasas SC"]
[WhiteTeamCountry "HUN"]
[BlackTeamCountry "HUN"]

1. d4 Nf6 2. c4 g6 3. Nc3 Bg7 4. Bg5 c5 5. e3 O-O 6. Be2 h6 7. Bh4 cxd4 8. exd4
d6 9. Nf3 Bf5 10. Qb3 Nbd7 11. O-O b6 12. a4 g5 13. Bg3 Ne4 14. Rfe1 Ndf6 15.
a5 bxa5 16. Qb5 Bg6 17. Qxa5 Nxc3 18. bxc3 Ne4 19. Bd3 Qxa5 20. Rxa5 Nxg3 21.
Bxg6 fxg6 22. hxg3 Kf7 23. Rea1 Rfc8 24. Nd2 Rc7 25. R1a4 Rb7 26. Ne4 g4 27. f3
gxf3 28. gxf3 Bf8 29. Ra6 Rd7 30. c5 d5 31. Nf2 e5 32. Nd3 Bg7 33. dxe5 Rc7 34.
Rf4+ Kg8 35. Rxg6 a5 36. Ra4 Kf7 37. Rd6 Bf8 38. Rxd5 Ke6 39. c4 Be7 40. f4 Kf5
41. Kg2 h5 42. Kf3 Rc6 43. e6+ Kxe6 44. Rxh5 Rd8 45. Re5+ Kf7 46. Rd5 Ra6 47.
Ne5+ Ke8 48. Rxd8+ Kxd8 49. Rxa5 1-0

[Event "NB I. Maroczy csoport"]
[Site "Budapest"]
[Date "2024.02.18"]
[Round "6.10"]
[White "Gyurkovics, Miklos"]
[Black "Ruboczki, Tibor"]
[Result "0-1"]
[WhiteElo "1995"]
[BlackElo "2019"]
[PlyCount "70"]
[EventDate "2023.10.08"]
[EventType "team-tourn"]
[EventRounds "11"]
[EventCountry "HUN"]
[Source "chess.hu"]
[WhiteTeam "Vasas SC"]
[BlackTeam "NYVSC "]
[WhiteTeamCountry "HUN"]
[BlackTeamCountry "HUN"]

1. Nf3 d5 2. g3 Bf5 3. Bg2 Nf6 4. O-O e6 5. c4 c6 6. d3 Be7 7. b3 h6 8. Bb2 O-O
9. Nbd2 a5 10. a3 Na6 11. Qc2 Rc8 12. Rac1 Re8 13. Nd4 Bh7 14. cxd5 exd5 15.
Bh3 Ra8 16. N2f3 Nd7 17. Nf5 Bxf5 18. Bxf5 Nac5 19. d4 Ne4 20. Ne5 Ndf6 21. f3
Nd6 22. Bd3 Qb6 23. Kg2 Nb5 24. Bxb5 Qxb5 25. e4 Rad8 26. Rfe1 Bf8 27. Re2 Nd7
28. Nd3 Nf6 29. e5 Nd7 30. a4 Qb6 31. f4 Rc8 32. Nc5 Bxc5 33. dxc5 Qc7 34. Rce1
b6 35. cxb6 Qxb6 0-1